[Event "Frankfurt Ch 2006"]
[Site "Ffm-Kalbach, LAZ"]
[Date "2006.05.22"]
[Round "5.61"]
[White "Waschke, Thomas"]
[Black "Schukowski, Werner"]
[Result "1-0"]
[WhiteElo "1615"]
[BlackElo "1292"]
[PlyCount "95"]
[EventDate "2006.05.22"]

1. e4 c5 2. Nf3 Nc6 3. d4 cxd4 4. Nxd4 e5 5. Nb5 Bc5 6. Nd6+ Bxd6 7. Qxd6 Nge7
8. Be3 O-O 9. Nc3 Re8 10. Nb5 Rb8 11. Be2 Nd4 12. Bxd4 exd4 13. Qxb8 d5 14. Qc7
dxe4 15. Qxd8 Rxd8 16. Nxa7 Bf5 17. O-O-O Nc6 18. Nxc6 bxc6 19. f3 e3 20. g4
Be6 21. a4 c5 22. b3 Rb8 23. f4 g6 24. Rhf1 f5 25. gxf5 Bxf5 26. Kb2 Kf8 27.
Ra1 Ke7 28. a5 Kd7 29. a6 Be4 30. a7 Ra8 31. Bf3 Bc6 32. Bxc6+ Kxc6 33. Rfe1
Kd5 34. c3 Ke4 35. cxd4 cxd4 36. b4 d3 37. b5 e2 38. b6 Ke3 39. b7 Rxa7 40.
b8=Q Rxa1 41. Rxa1 Kf3 42. Qd6 Ke3 43. Kc3 Kf2 44. Qd4+ Kf3 45. Qxd3+ Kf2 46.
Ra2 Kg2 47. Rxe2+ Kf1 48. Qd1# 1-0

[Event "Frankfurt Ch 2006"]
[Site "Ffm-Kalbach, LAZ"]
[Date "2006.05.22"]
[Round "5.62"]
[White "Vogelgesang, Marc"]
[Black "Ortiz-Rodriguez, Jose"]
[Result "1-0"]
[WhiteElo "1552"]
[BlackElo "1301"]
[PlyCount "33"]
[EventDate "2006.05.22"]

1. e4 d6 2. d3 Nf6 3. f4 Nbd7 4. Nf3 c6 5. Nc3 Qb6 6. Rb1 Ng4 7. Qe2 e5 8. h3
Ngf6 9. f5 Be7 10. g4 h5 11. g5 Nh7 12. Bg2 d5 13. Bd2 Bc5 14. exd5 cxd5 15.
Nxe5 Nxe5 16. Qxe5+ Be7 17. Nxd5 1-0

[Event "Frankfurt Ch 2006"]
[Site "Ffm-Kalbach, LAZ"]
[Date "2006.05.22"]
[Round "5.63"]
[White "Kirschner, Matthias"]
[Black "Zuyev, Lisa"]
[Result "0-1"]
[WhiteElo "1547"]
[BlackElo "1060"]
[PlyCount "84"]
[EventDate "2006.05.22"]

1. g3 e5 2. Bg2 Nf6 3. d3 h6 4. c4 Bc5 5. Nc3 O-O 6. Nf3 Nc6 7. O-O d6 8. a3 a6
9. b4 Ba7 10. Rb1 Bg4 11. e3 Qd7 12. Qc2 Bh3 13. a4 Bxg2 14. Kxg2 Qg4 15. b5
axb5 16. axb5 Ne7 17. e4 Nd7 18. Ra1 f5 19. Qb3 fxe4 20. Ne1 exd3 21. c5+ d5
22. b6 Nxc5 23. Qb5 Bxb6 24. Rxa8 Rxa8 25. Nxd3 Nxd3 26. Qxd3 Qd4 27. Qc2 Qc4
28. Qb2 Bd4 29. Bd2 Rb8 30. Rc1 Rf8 31. Be1 Qd3 32. Rc2 b5 33. Qa2 Qf3+ 34. Kg1
b4 35. Nxd5 Qxd5 36. Bxb4 Qxa2 37. Rxa2 c5 38. Ba3 Ra8 39. Kf1 Nd5 40. f4 Nb4
41. Re2 Rxa3 42. fxe5 Re3 0-1

[Event "Frankfurt Ch 2006"]
[Site "Ffm-Kalbach, LAZ"]
[Date "2006.05.22"]
[Round "5.66"]
[White "Breitbach, Stephan"]
[Black "Scheerer, Michael"]
[Result "1/2-1/2"]
[WhiteElo "1361"]
[BlackElo "1399"]
[PlyCount "64"]
[EventDate "2006.05.22"]

1. d4 g6 2. c4 Nf6 3. Nc3 Bg7 4. Nf3 O-O 5. e4 d6 6. Be2 e5 7. d5 Nbd7 8. O-O
Nc5 9. Bg5 Bg4 10. Nd2 Bxe2 11. Qxe2 h6 12. Be3 Ncd7 13. Nb3 a6 14. Qd2 g5 15.
f3 Nh5 16. g4 Nhf6 17. h4 Nh7 18. hxg5 Nxg5 19. Qh2 f6 20. f4 Nf7 21. f5 b6 22.
Ne2 Ng5 23. Ng3 Nc5 24. Nxc5 bxc5 25. Qh5 Qe8 26. Bxg5 Qxh5 27. Nxh5 hxg5 28.
Nxg7 Kxg7 29. Kg2 Kf7 30. Rh1 Rh8 31. Kf3 Ke7 32. Ke3 Kd7 1/2-1/2

[Event "Frankfurt Ch 2006"]
[Site "Ffm-Kalbach, LAZ"]
[Date "2006.05.22"]
[Round "5.67"]
[White "Troeger, Beate"]
[Black "Richter, Edgar"]
[Result "1-0"]
[WhiteElo "798"]
[BlackElo "1300"]
[PlyCount "103"]
[EventDate "2006.05.22"]

1. f4 d6 2. Nf3 Nc6 3. g3 e5 4. d3 Nf6 5. e4 exf4 6. Bxf4 Be7 7. Bg2 Bg4 8. O-O
Nd4 9. c3 Ne6 10. Qa4+ c6 11. Nbd2 Nxf4 12. gxf4 O-O 13. Rfe1 Nd7 14. b4 Nb6
15. Qc2 Qc7 16. Nd4 Kh8 17. h3 Bd7 18. a4 f5 19. a5 Nc8 20. Re3 Bh4 21. N2f3
Qd8 22. e5 Bg3 23. e6 Bxf4 24. Re2 Be8 25. Nd2 Qf6 26. Rf1 Bxd2 27. Qxd2 Ne7
28. Ref2 Bg6 29. Qe1 d5 30. Nb3 Rad8 31. Nc5 b6 32. Nd7 Rxd7 33. exd7 Rd8 34.
d4 Rxd7 35. Qe5 Qf7 36. Qb8+ Ng8 37. Re1 Re7 38. Rxe7 Qxe7 39. axb6 axb6 40.
Qxb6 Qe1+ 41. Bf1 Qxc3 42. Qc5 Qg3+ 43. Rg2 Qc7 44. b5 Be8 45. b6 Qb7 46. Ra2
Qf7 47. Ra7 Qg6+ 48. Bg2 Nf6 49. Qf8+ Ng8 50. Ra8 Qh5 51. Rxe8 Qd1+ 52. Kh2 1-0

[Event "Frankfurt Ch 2006"]
[Site "Ffm-Kalbach, LAZ"]
[Date "2006.05.22"]
[Round "5.68"]
[White "Liebert, Monika"]
[Black "Baur, Egbert"]
[Result "0-1"]
[WhiteElo "1105"]
[BlackElo "1215"]
[PlyCount "54"]
[EventDate "2006.05.22"]

1. e4 e5 2. Nf3 Nc6 3. Nc3 Bc5 4. Bb5 d6 5. O-O Bg4 6. h3 Bxf3 7. Qxf3 Qf6 8.
Bxc6+ bxc6 9. Qe2 Ne7 10. Na4 Bb6 11. g3 O-O 12. Kg2 d5 13. d3 Qd6 14. c3 f5
15. Bg5 Ng6 16. b4 f4 17. Qg4 fxg3 18. fxg3 d4 19. Rxf8+ Rxf8 20. Nc5 Bxc5 21.
bxc5 Qxc5 22. c4 Qa3 23. Qe2 Rb8 24. Bc1 Qc3 25. h4 Qxa1 26. Qc2 Rb1 27. Bg5
Rb2 0-1